| 000 | 01749nam a2200385 c 4500 | ||
|---|---|---|---|
| 999 |
_c167907 _d167907 |
||
| 003 | BLK | ||
| 005 | 20241212143457.0 | ||
| 008 | 180411b bul|||||r ||||||| ||bul|| | ||
| 010 | _aKNG00175755000 | ||
| 040 | _aBLK | ||
| 041 |
_aBUL _cBUL |
||
| 080 |
_aБългарска литература _b821.163.2 _x-2 _z821.163.2-2 |
||
| 100 |
_aЗидаров, Камен _gМанев, Тодор Събев _cПисател, поет, драматург, дир. на Военния театър в София, автор на учебни помагала, прев. от руски език _d1902-1987 _9373166 |
||
| 139 |
_aЗидаров, Камен _bЗ 61 |
||
| 245 | 1 | 0 |
_aИзбрани драми _bВ 3 т. _cКамен Зидаров; с предг. от Любен Георгиев _nТ. 3 _pУсилни години |
| 257 | _aBGR | ||
| 260 |
_aСофия _bБълг. писател _c1972 - |
||
| 300 |
_a416 с. _b4 л.: ил. _c20 см |
||
| 380 | _aX | ||
| 500 | _aКамен Зидаров псевд. на Тодор Събев Манев. | ||
| 505 | _tПлесницата | ||
| 505 | _tЛюбовта на Адриана Орлова | ||
| 505 | _tДиана и героят | ||
| 700 | 1 |
_aГеоргиев, Любен _eс предг. от _gХристов, Любен Георгиев _9363917 |
|
| 700 | 1 |
_aМанев, Тодор Събев _e* _9337669 |
|
| 760 | 1 |
_aЗидаров, Камен _d1973 _h416 с., 4 л. ил. _tТ. 3 Усилни години |
|
| 852 |
_aЦб 64312 _bЦб |
||
| 856 | 4 | _qpdf | |
| 856 | 4 | _qpdf | |
| 942 |
_cKNG _n0 _s1 |
||
| 944 |
_aCR _c22.05.2015 _k30540 _lСевдалина Тодорова |
||
| 944 |
_aED _c22.05.2015 _kМилена_Ачева |
||
| 944 |
_aED _c2022-07-26 _kВП |
||
| 999 | _d167907 | ||